| 000 | 01470 a2200277 4500 | ||
|---|---|---|---|
| 003 | Nust | ||
| 005 | 20170207154031.0 | ||
| 010 | _a 00053024 | ||
| 020 | _a0596000685 | ||
| 040 | _cNust | ||
| 082 | 0 | 0 | _a005.712762 |
| 100 | 1 | _aMonson-Haefel, Richard. | |
| 245 | 1 | 0 |
_aJava message service -(E-BOOK) _cRichard Monson-Haefel & David A. Chappell. |
| 260 |
_aCambridge, Mass. : _bO'Reilly, _cc2001. |
||
| 300 |
_axvi, 220 p. : _bill. ; _c23 cm. |
||
| 500 | _aIncludes index. | ||
| 505 | _aChapter 1. Understanding the Messaging Paradigm (Page-6) <br/>Chapter 2. Developing a Simple Example (Page-19) Chapter 3. Anatomy of a JMS Message (Page-33) Chapter 4. Publish-and-Subscribe Messaging (Page- 53) Chapter 5. Point-to-Point Messaging (Page-69) Chapter 6. Guaranteed Messaging, Transactions, Acknowledgments & Failures (Page- 84) Chapter 7. Deployment Considerations (Page- 108) Chapter 8. J2EE, EJB, and JMS (Page-122) Chapter 9. JMS Providers.(Page- 133) | ||
| 650 | 0 | _aElectronic mail systems. | |
| 650 | 0 | _aJava (Computer program language) | |
| 650 | 0 |
_aTelecommunication _xMessage processing. |
|
| 651 | _aE-BOOK | ||
| 700 | 1 | _aChappell, David A. | |
| 856 | 4 | 2 |
_3Contributor biographical information _uhttp://www.loc.gov/catdir/enhancements/fy0915/00053024-b.html |
| 856 | 4 | 2 |
_3Publisher description _uhttp://www.loc.gov/catdir/enhancements/fy0715/00053024-d.html |
| 856 | 4 | 2 |
_3Table of contents only _uhttp://www.loc.gov/catdir/enhancements/fy1008/00053024-t.html |
| 942 |
_2ddc _cBK |
||
| 999 |
_c192148 _d192148 |
||